000 02143nam a2200301 4500
001 159
003 OSt
005 20250528074013.0
008 250129b |||||||e |||| 00| 1 eng d
040 _bpor
041 _heng
_apor
082 _a813
_bC592o
100 1 _aClark, Mary Higgins,
_d1927-2020
_9301
240 _aWhere are the children?
245 _aOnde estão as crianças? /
_cClark, Mary Higgins ; Tradução de Magali Garcindo de Sá
260 _aSão Paulo
_bCírculo do Livro
_c1992
300 _a176 p.
520 _a"Onde estão as crianças?" foi o primeiro romance policial lançado por Mary Higgins Clark. "Onde estão as crianças?" é a história de uma mulher cujo passado guarda um terrível segredo. Em um tribunal da Califórnia, Nancy Harmon foi considerada culpada pelo assassinato de seus dois filhos, mas foi libertada da prisão por uma questão técnica do julgamento. Decidida a começar uma nova vida, ela muda a identidade e deixa São Francisco, procurando a tranqüilidade de Cape Cod, no litoral de Massachusetts. Sete anos após o julgamento, Nancy está novamente casada e tem dois filhos: Michael e Missy. Enfim ela sente que conseguiu recuperar tudo o que havia perdido. E é então que o pesadelo recomeça. Um jornal local de Cape Cod publica um artigo sobre um famoso caso de assassinato na Califórnia que envolveu uma mãe acusada de matar os dois filhos. Na matéria, há uma foto de Nancy. Na mesma manhã, Michael e Missy desaparecem. As crianças estavam brincando no quintal quando desaparecem... E a única pista é uma luva vermelha de Missy. Enquanto Nancy se torna a principal suspeita do desaparecimento dos filhos, ninguém na pequena cidade de Cape Cod está ciente de um estranho em seu meio, alguém cujos planos para se vingar vêm sendo alimentados há sete anos.
650 0 _aLiteratura Americana
_984
650 0 _aCrime e Investigação
_913
650 0 _aRomance Policial
_911
650 0 _aSuspense
_910
650 0 _aMistério
_942
655 0 _aRomance
_923
655 0 _aFicção
_922
700 _aMagali Garcindo de Sá
_eTradutor
_9303
942 _2ddc
_n0
_cBK
999 _c159
_d159